ARRUPE JESUIT UNIVERSITY

CORONAVIRUS -STOP THE SPREAD - CLEAN,DISINFECT,COVER

The Fipa and related peoples of south-west Tanzania and north-east Zambia, (Record no. 129284)

MARC details
000 -LEADER
fixed length control field 01152cam a22003251 4500
001 - CONTROL NUMBER
control field 6596296
003 - CONTROL NUMBER IDENTIFIER
control field ARRUPE
005 - DATE AND TIME OF LATEST TRANSACTION
control field 20190328112027.0
008 - FIXED-LENGTH DATA ELEMENTS--GENERAL INFORMATION
fixed length control field 720112s1966 enkb b 000 0 eng
010 ## - LIBRARY OF CONGRESS CONTROL NUMBER
LC control number 66003955
035 ## - SYSTEM CONTROL NUMBER
System control number (OCoLC)203896
040 ## - CATALOGING SOURCE
Original cataloging agency DLC
Transcribing agency OYU
Modifying agency OCoLC
-- DLC
042 ## - AUTHENTICATION CODE
Authentication code premarc
050 00 - LIBRARY OF CONGRESS CALL NUMBER
Classification number GN659.F5
Item number W5
082 ## - DEWEY DECIMAL CLASSIFICATION NUMBER
Classification number 390.096782
300 ## - PHYSICAL DESCRIPTION
Other physical details fold. map.
Dimensions 24 cm.
100 1# - MAIN ENTRY--PERSONAL NAME
Personal name Willis, Roy G.
9 (RLIN) 38573
245 14 - TITLE STATEMENT
Title The Fipa and related peoples of south-west Tanzania and north-east Zambia,
Statement of responsibility, etc by Roy G. Willis.
260 ## - PUBLICATION, DISTRIBUTION, ETC. (IMPRINT)
Place of publication, distribution, etc London,
Name of publisher, distributor, etc International African Institute,
Date of publication, distribution, etc 1966.
300 ## - PHYSICAL DESCRIPTION
Extent 82 p.
440 #0 - SERIES STATEMENT/ADDED ENTRY--TITLE
Title Ethnographic Survey of Africa: East Central Africa,
Volume number/sequential designation pt. 14
9 (RLIN) 45478
504 ## - BIBLIOGRAPHY, ETC. NOTE
Bibliography, etc Bibliography: p. 74-77.
650 #0 - SUBJECT ADDED ENTRY--TOPICAL TERM
Topical term or geographic name as entry element Fipa (African people)
9 (RLIN) 45479
650 #0 - SUBJECT ADDED ENTRY--TOPICAL TERM
Topical term or geographic name as entry element Ethnology
Geographic subdivision Tanzania.
9 (RLIN) 38173
650 #0 - SUBJECT ADDED ENTRY--TOPICAL TERM
Topical term or geographic name as entry element Ethnology
Geographic subdivision Zambia.
9 (RLIN) 19464
710 2# - ADDED ENTRY--CORPORATE NAME
Corporate name or jurisdiction name as entry element International African Institute.
9 (RLIN) 3663
906 ## - LOCAL DATA ELEMENT F, LDF (RLIN)
a 7
b cbc
c oclcrpl
d u
e ncip
f 19
g y-gencatlg
942 ## - ADDED ENTRY ELEMENTS (KOHA)
Source of classification or shelving scheme Library of Congress Classification
Koha item type Monograph ( Printed materials)
Holdings
Withdrawn status Lost status Source of classification or shelving scheme Damaged status Not for loan Collection code Home library Current library Shelving location Date acquired Total Checkouts Full call number Barcode Date last seen Price effective from Koha item type
    Library of Congress Classification     Main Collection ARRUPE LIBRARY ARRUPE LIBRARY Main Collection 28/03/2019   GN659.F5 W5 46600004360 28/03/2019 28/03/2019 Monograph ( Printed materials)

 

Arrupe Library. PO Box MP320 Mt Pleasant, Harare, Zimbabwe
263 242 745411|librarian@aju.ac.zw